Polscy sędziowie piłkarscy - Ekstraklasa - Statystyki

Ogólne statystyki
  • Ten quiz został rozwiązany 411 razy
  • Średni wynik to 6 z 14
Statystyki odpowiedzi
Podpowiedź Imię i nazwisko % Poprawnych
Płock Szymon Marciniak
98%
Kraków Tomasz Musiał
69%
Bydgoszcz Daniel Stefański
60%
Toruń Bartosz Frankowski
56%
Warszawa Paweł Raczkowski
54%
Warszawa Tomasz Kwiatkowski
54%
Lublin Paweł Gil
47%
Kluczbork Jarosław Przybył
40%
Bytom Piotr Lasyk
39%
Lublin Wojciech Myć
36%
Siedlce Krzysztof Jakubik
30%
Gorzyce Mariusz Złotek
27%
Kobyłka Łukasz Szczech
15%
Łódź Zbigniew Dobrynin
15%
Nie znaleziono quizów pasujących do podanych kryteriów
Rozkład punktacji
Procent ludzi z każdym wynikiem
Percentyl według liczby udzielonych odpowiedzi
Twoja historia wyników
Nie rozwiązałeś tego quizu